000 00296 a2200145 4500
001 178731
020 _a
040 _cMagnum
100 _aHelo
240 1 0 _aTran-tran-tran !
_lpor
245 1 0 _aTran-tran-tran !
362 0 _a1899
697 _aMAGNITO: IJ/AVENTURA, CRIANCAS
942 _cBK
999 _c178731
_d178731